ヒトの必須アミノ酸 - Statistics

General Stats
  • This quiz has been taken 21 times
  • The average score is 6 of 10
Answer Stats
アミノ酸 区分 % Correct
バリン 必須アミノ酸
89%
ロイシン 必須アミノ酸
78%
イソロイシン 必須アミノ酸
78%
リジン 必須アミノ酸
72%
トリプトファン 必須アミノ酸
67%
ヒスチジン 必須アミノ酸または準必須アミノ酸
61%
フェニルアラニン 必須アミノ酸
56%
メチオニン 必須アミノ酸
50%
スレオニン 必須アミノ酸
44%
アルギニン 準必須アミノ酸
44%
No matching quizzes found
Score Distribution
Percent of People with Each Score
Percentile by Number Answered
Your Score History
You have not taken this quiz